| 000 | 00389nam a2200145Ia 4500 | ||
|---|---|---|---|
| 008 | 150128s9999 xx 000 0 und d | ||
| 020 | _a0671722603 | ||
| 050 |
_aCLA _bM87t 1993 |
||
| 100 | _aShakespeare, William. | ||
| 245 | _aThree comedies / | ||
| 250 | _aWilliam Shakespeare. | ||
| 260 |
_aNew York: _bStripped Books, _c1993. |
||
| 300 |
_a426 pages : _c18 cm. |
||
| 650 | _xFiction. | ||
| 999 |
_c278880 _d278880 |
||